000 00735nam a2200229Ia 4500
003 OSt
005 20220923221809.0
006 a|||||r|||| 00| 0
007 ta
008 220922b |||||||| |||| 00| 0 hin d
024 _a200,161
037 _cTextual
040 _aARTS
_cARTS
_bhin
041 _2hin
_ahin
082 _aQ3:33, 152L31
100 _aजैन, भागचन्द्र, सम्पा
245 0 _aभगवान महावीर और उनका तत्व दर्शन
246 _aBhagavān hināvīr aur unakā tatva darshana
260 _c1973
942 _hQ3:33, 152L31
_cTEXL
_2CC
999 _c351833
_d351833